Giving Thanks Quiz Stats

 Plays Quiz Updated Nov 21, 2016

Score 0/26 Timer 07:00
0 Plays Today
Thanks to... Answer % Correct
Thanks to the Wright brothers for inventing this, helping to reunite our families. Airplane
98.7%
Thanks to Josephine Cochrane for inventing the model for this modern day device, so that we don't have to clean the pots and plates by hand. Dishwasher
92.7%
Thanks to William Coolidge who invented this, so we can see if we've swallowed the wishbone. X-Ray Machine
87.5%
Thanks to Charles Schulz for creating this animated special that brings us good cheer. A Charlie Brown Thanksgiving
85.5%
Thanks to North Carolina, the largest producer of sweet potatoes, which we often call this. Yams
84.7%
Thanks to pigs for offering this alternative protein. Ham
84%
Thanks to Macy's, for providing this since 1924. Thanksgiving Day Parade
83.2%
Thanks to Rutgers and Princeton University for playing the first game of this and starting a sensation. College Football
82.2%
Thanks to the Pilgrims who braved the seas and uncertain futures when they boarded this ship. Mayflower
81.9%
Thanks to this kitchen utensil for helping us flatten dough. Rolling Pin
79.8%
Thanks for this spice that tastes great in eggnog, mulled cider, and mulled wine. Nutmeg
79.5%
Thanks to Peter Cooper for obtaining a patent for the manufacturing of this, the unique, shaking American dessert. Gelatin
73.1%
Thanks to the US forefathers for fighting for and declaring this.Independence
72.5%
Thanks to... Answer % Correct
Thanks for this celebrity-endorsed weight loss program that helps us shed the pounds we gain over the holidays. Jenny Craig
72%
Thanks to Emily Post for publishing a book of this, so that we may have good table manners.Etiquette
68.2%
Thanks to this UN affiliated organization for feeding children all over the world, every day of the year.UNICEF
67.7%
Thanks to this company for creating green bean casserole 50 years ago with their cream of mushroom soup.Campbell's
62.4%
Thanks to this company for providing a Turkey Talk-Line since 1981 to answer questions on preparation and cooking of the main course.Butterball
56.7%
Thanks to this US president, who made Thanksgiving a national holiday.Lincoln
53.9%
Thanks to this company for giving us a product that makes the best oatmeal cookies. Quaker Oats
53.4%
Thanks to turkeys for providing this ingredient that allegedly relaxes us and makes us sleepy. Tryptophan
40.4%
Thanks to the Native Americans for sharing this, the most prominent protein of the first Thanksgiving. Venison
28.7%
Thanks to Gideon Sundback for inventing the modern day this, so we may release it if we eat too much. Zipper
28.5%
Thanks to this state for producing the largest amount of cranberries. Wisconsin
21.5%
Thanks to this company located in Northfield, Illinois, for offering so many brands that make prepping for Thanksgiving a little easier.Kraft
17.1%
Thanks to this writer who campaigned for Thanksgiving to be a holiday.Sarah Josepha Hale
5.3%

You're not logged in!

Compare scores with friends on all Sporcle quizzes.
OR
Log In

Sporcle TV

Today on Sporcle TV


Watch our educational content, quiz creation guides, and fun videos on Sporcle TV.

Show Comments

Extras

Top Quizzes Today


Score Distribution

Your Account Isn't Verified!

In order to create a playlist on Sporcle, you need to verify the email address you used during registration. Go to your Sporcle Settings to finish the process.

Report this User

Report this user for behavior that violates our Community Guidelines.

Details: